Statistics for 山东省县级行政区划

Click here to take the quiz!

General Stats

  • This quiz has been taken 186 times
  • The average score is 77 of 136

Answer Stats

城市区县% Correct
济南市历下区
94%
济南市莱芜区
91%
青岛市市南区
89%
济南市历城区
89%
青岛市黄岛区
89%
青岛市市北区
85%
青岛市平度市
84%
青岛市胶州市
84%
青岛市崂山区
84%
烟台市蓬莱区
84%
枣庄市 | 济南市市中区
81%
青岛市莱西市
79%
烟台市莱州市
79%
济宁市曲阜市
79%
青岛市城阳区
79%
济南市天桥区
79%
青岛市即墨区
78%
济南市钢城区
78%
泰安市泰山区
78%
青岛市李沧区
77%
威海市乳山市
77%
淄博市张店区
76%
济南市章丘区
76%
日照市莒县
73%
威海市荣成市
73%
烟台市芝罘区
73%
烟台市莱阳市
73%
菏泽市曹县
73%
济南市槐荫区
72%
烟台市栖霞市
72%
济南市济阳区
72%
淄博市博山区
71%
淄博市临淄区
71%
淄博市淄川区
70%
济南市长清区
70%
潍坊市寿光市
69%
潍坊市潍城区
69%
济宁市微山县
69%
枣庄市台儿庄区
69%
枣庄市滕州市
69%
潍坊市青州市
68%
烟台市龙口市
66%
威海市文登区
65%
东营市东营区
65%
日照市五莲县
64%
烟台市海阳市
64%
临沂市沂水县
64%
济南市商河县
64%
德州市齐河县
64%
潍坊市坊子区
64%
烟台市招远市
64%
菏泽市牡丹区
63%
德州市德城区
63%
济宁市邹城市
62%
济宁市兖州区
62%
威海市环翠区
62%
淄博市周村区
62%
聊城市东昌府区
61%
潍坊市高密市
61%
济宁市梁山县
61%
济南市平阴县
61%
烟台市福山区
60%
临沂市兰山区
59%
淄博市沂源县
59%
临沂市兰陵县
58%
济宁市任城区
58%
东营市垦利区
58%
日照市东港区
57%
滨州市滨城区
57%
泰安市岱岳区
56%
滨州市邹平市
56%
泰安市肥城市
55%
日照市岚山区
54%
潍坊市诸城市
54%
泰安市新泰市
54%
临沂市蒙阴县
53%
潍坊市寒亭区
52%
菏泽市郓城县
52%
菏泽市单县
52%
淄博市桓台县
52%
泰安市东平县
52%
济宁市鱼台县
51%
潍坊市临朐县
51%
淄博市高青县
51%
枣庄市峄城区
49%
潍坊市昌乐县
49%
临沂市费县
47%
东营市利津县
47%
济宁市嘉祥县
47%
东营市河口区
47%
枣庄市山亭区
47%
东营市广饶县
46%
烟台市牟平区
46%
枣庄市薛城区
45%
临沂市莒南县
45%
潍坊市安丘市
44%
烟台市莱山区
44%
临沂市郯城县
44%
滨州市沾化区
43%
潍坊市昌邑市
43%
聊城市莘县
43%
滨州市无棣县
43%
聊城市阳谷县
42%
滨州市博兴县
42%
济宁市金乡县
41%
泰安市宁阳县
41%
潍坊市奎文区
41%
德州市陵城区
40%
临沂市沂南县
39%
聊城市东阿县
39%
德州市平原县
39%
滨州市惠民县
39%
德州市乐陵市
38%
济宁市泗水县
38%
菏泽市定陶区
38%
聊城市冠县
37%
聊城市高唐县
37%
济宁市汶上县
37%
聊城市茌平区
37%
聊城市临清市
36%
临沂市罗庄区
36%
临沂市河东区
36%
菏泽市巨野县
36%
德州市禹城市
32%
菏泽市鄄城县
31%
滨州市阳信县
31%
菏泽市东明县
31%
德州市庆云县
30%
临沂市平邑县
30%
临沂市临沭县
29%
菏泽市成武县
29%
德州市武城县
28%
德州市宁津县
27%
德州市临邑县
26%
德州市夏津县
26%

Score Distribution

Percentile by Number Answered

Percent of People with Each Score

Your Score History

You have not taken this quiz